000 01497cam a2200133 4500500
005 20260329040446.0
041 _afre
042 _adc
100 1 0 _aNouschi, Marc
_eauthor
245 0 0 _aPetit atlas historique de la culture en Occident
260 _bArmand Colin,
_c2009.
520 _aLa collection des Petits atlas historiques propose, en parfaite adéquation avec les attentes des étudiants de classes préparatoires et des universités, un panorama clair et synthétique des grandes périodes historiques. Chaque ouvrage, constitué de fiches enrichies de cartes, généalogies, chronologies, graphiques et tableaux, permet de faire le point efficacement sur les principaux aspects des thématiques abordées. Dans ce premier opus thématique de la collection des Petits Atlas historiques, Marc Nouschi, Directeur régional des affaires culturelles, propose une lecture originale de la culture dans l'aire occidentale, des invasions indoeuropéennes à la période actuelle. Il souhaite avant tout faire partager des coups de coeur, symptomatiques d'une évolution, et mettre en lumière le trésor culturel qui est le nôtre. Événements emblématiques, hauts lieux, grandes figures, monuments, mais aussi pensée et enjeux idéologiques sont autant de pistes offertes au lecteur pour découvrir et comprendre le fait culturel en Occident.
856 4 1 _uhttps://shs.cairn.info/petit-atlas-historique-de-la-culture-en-occident--9782200355036?lang=fr&redirect-ssocas=7080
999 _c1972363
_d1972363